| 000 | 01457nam0a2200397 4500 | ||
|---|---|---|---|
| 001 | RU\NLR\bibl\67846 | ||
| 005 | 20260406121249.0 | ||
| 010 |
_a5-7947-0093-9 _920000 |
||
| 020 |
_aRU _b98-26466 _9Книжная летопись |
||
| 021 |
_aRU _b98-17217 _9816 |
||
| 035 | _a(NLR Aleph) 000066194 | ||
| 090 |
_a362945 _c362945 |
||
| 100 | _a19990528d1998 |||y0rusy50 ca | ||
| 101 | 0 | _arus | |
| 102 | _aRU | ||
| 105 | _ay ||||||||| | ||
| 200 | 1 |
_aЗа все надо платить _eРоман _fАлександра Маринина |
|
| 210 |
_aНазрань _aХарьков _cАстрель _cГрампус Эйт _d1998 |
||
| 215 |
_a423,[1] с. _d17 |
||
| 225 | 1 | _aПерехват : П | |
| 461 | 0 |
_12001#$aПерехват : П _tПерехват : П |
|
| 610 | 0 | _aУголовный розыск (х. л.) | |
| 610 | 0 | _aПреступники - Борьба с ними (х. л.) | |
| 610 | 0 | _aДетективные романы и рассказы (х. л.) | |
| 675 |
_a882-31Маринина _v3 _zrus |
||
| 686 |
_a17 _2rugasnti |
||
| 686 |
_a84(2Рос-Рус)6 _2rubbk |
||
| 686 | _aШ6(2=Р)75-446 | ||
| 700 | 1 |
_4070 _8rus _7ca _aМаринина _bА. Б. _gАлександра Борисовна _f1957- _3RU\NLR\auth\77515 _9110564 |
|
| 801 | 0 |
_aRU _bRKP _c19990528 _gPSBO |
|
| 801 | 1 |
_aRU _bRKP _c19990528 |
|
| 801 | 2 |
_aRU _bNLR _c20071004 _grcr |
|
| 852 |
_aNLR _j98-2/1267 |
||
| 942 | _cBOOK | ||
| 980 | _aNB | ||